000 00487nam a2200193Ia 4500
005 20250423095811.0
008 250422s9999 xx 000 0 und d
020 _a0-538-73543-8
050 _aQD33.2.Z863/
100 _aSteven S. Zumdahl
245 0 _aIntroduction to chemistry
250 _aSeventh Edition
260 _aMassachusetts
260 _bBrooks/Cole Publishing Company
260 _c2011
300 _a716 p
650 _aMeasuement and Calculations
942 _cBK
999 _c31369
_d31369